000 00517nam a2200121Ia 4500
008 220615s9999||||xx |||||||||||||| ||und||
245 0 _aNew forms of collaborative innovation and production on the internet
_ban interdisciplinary perspective
546 _aEnglish[eng]
650 _aCollaborative Innovation||Internet||Social networks||Web 2.0 services||Production
700 _aWittke, Volker||Hanekop, Heidemarie
856 _uhttps://library.oapen.org/bitstream/20.500.12657/36975/1/wittke_hanekop.pdf
942 _cEB
999 _c17644
_d17644